[Event "New York op"]
[Site "New York"]
[Date "1989.??.??"]
[Round "6"]
[White "Campora, Daniel H"]
[Black "London, Dimitri"]
[Result "1-0"]
[WhiteElo "2500"]
[BlackElo "2380"]

1.e4 e5 2.Nf3 Nc6 3.Bb5 a6 4.Ba4 Nf6 5.O-O Be7 6.Re1 b5 7.Bb3 O-O 8.c3 d6
9.h3 Bb7 10.d4 Re8 11.Nbd2 Bf8 12.a3 Nb8 13.Bc2 Nbd7 14.b4 h6 15.Bb2 a5 16.Bd3 c6
17.Qc2 Qb8 18.Nb3 axb4 19.cxb4 exd4 20.Nbxd4 c5 21.Nxb5 Nxe4 22.Bxe4 Bxe4
23.Rxe4 Qxb5 24.a4 Qb7 25.Rxe8 Rxe8 26.bxc5 Nxc5 27.a5 Qa6 28.Bd4 Re2 29.Qd1 Ne6
30.Be3 Be7 31.Nd4 Nc5 32.Qf1 Bf6 33.Rb1  1-0

[Event "Novi Sad op"]
[Site "Novi Sad"]
[Date "1989.??.??"]
[Round "9"]
[White "Rogic, Davor"]
[Black "Vujmilovic, Nenad"]
[Result "1-0"]
[WhiteElo "2270"]
[BlackElo "2220"]

1.e4 e5 2.Nf3 Nc6 3.Bb5 a6 4.Ba4 Nf6 5.O-O Be7 6.Re1 b5 7.Bb3 d6 8.c3 O-O
9.h3 Bb7 10.d4 Re8 11.Nbd2 Bf8 12.a3 h6 13.Bc2 g6 14.b4 Bg7 15.Bb2 Qd7 16.Rc1 Rad8
17.Nb3 Nh5 18.d5 Ne7 19.Na5 Bc8 20.Nh2 Nf4 21.Nf1 Rf8 22.c4 f5 23.cxb5 axb5
24.Re3 Kh8 25.Rc3 Nh5 26.Qd2 Nf6 27.f3 Rf7 28.Bd3 Rdf8 29.Rxc7 Qd8 30.Nb7 Bxb7
31.Rxb7 fxe4 32.fxe4 Ne8 33.Be2 Rf4 34.Qe3 Nf6 35.Bf3 h5 36.Rcc7 Rf7 37.Qa7  1-0

[Event "Philadelphia"]
[Site "Philadelphia"]
[Date "1989.??.??"]
[Round "5"]
[White "Garcia, Gildardo"]
[Black "Dehmelt, Karl"]
[Result "0-1"]
[WhiteElo "2430"]
[BlackElo "2310"]

1.e4 e5 2.Nf3 Nc6 3.Bb5 a6 4.Ba4 Nf6 5.O-O Be7 6.Re1 b5 7.Bb3 O-O 8.c3 d6
9.h3 Bb7 10.d4 Re8 11.Nbd2 Bf8 12.a3 h6 13.Bc2 Na5 14.b4 Nc6 15.Bb2 g6 16.Nb3 Rb8
17.Rc1 Nh5 18.Bb1 Nf4 19.d5 Ne7 20.Na5 Bc8 21.c4 Bg7 22.c5 Qd7 23.Nh2 Rf8
24.Re3 f5 25.cxd6 cxd6 26.Rec3 fxe4 27.Bxe4 Qa7 28.Qd2 Qd4 29.Qe1 Bf5 30.Bxf5 Nxf5
31.Rd1 Qb6 32.Nc6 Rbe8 33.Qe4 Nh4 34.Rg3 Nxh3+ 35.Rxh3 Qxf2+ 36.Kh1 Rf4 37.Bd4 Qa2
38.Rxh4 Rxe4 39.Rxe4 Qxd5 40.Rg4 Qxc6 41.Be3 d5 42.Rc1 Qe6 43.Rc7 d4 44.Bg1 e4
45.Rxg7+ Kxg7 46.Bxd4+ Kh7 47.Rf4 e3 48.Nf3 e2 49.Bc3 g5 50.Rd4 Rc8 51.Bd2 Rc2
52.Ne1 Rxd2 53.Rxd2 Qf5  0-1

[Event "Bohemians"]
[Site "Prague"]
[Date "1989.??.??"]
[Round "?"]
[White "Plachetka, Jan"]
[Black "Lanc, Alois"]
[Result "1/2-1/2"]
[WhiteElo "2450"]
[BlackElo "2410"]

1.e4 e5 2.Nf3 Nc6 3.Bb5 a6 4.Ba4 Nf6 5.O-O Be7 6.Re1 b5 7.Bb3 O-O 8.c3 d6
9.h3 Bb7 10.d4 Re8 11.Ng5 Rf8 12.Nf3 Re8 13.Nbd2 Bf8 14.Bc2 Nb8 15.Nf1 Nbd7
16.a3  1/2-1/2

[Event "CSR-ch int"]
[Site "Prague"]
[Date "1989.??.??"]
[Round "3"]
[White "Jansa, Vlastimil"]
[Black "Ilincic, Zlatko"]
[Result "1-0"]
[WhiteElo "2515"]
[BlackElo "2430"]

1.e4 e5 2.Nf3 Nc6 3.Bb5 a6 4.Ba4 Nf6 5.O-O Be7 6.Re1 b5 7.Bb3 d6 8.c3 O-O
9.h3 Bb7 10.d4 Re8 11.Ng5 Rf8 12.Nf3 Re8 13.a4 h6 14.Nbd2 Bf8 15.d5 Ne7 16.Nh2 Qd7
17.Ng4 Nxg4 18.hxg4 c6 19.Nf1 cxd5 20.exd5 g6 21.Ng3 Bg7 22.Be3 f5 23.gxf5 gxf5
24.Nh5 f4 25.Bxf4 exf4 26.Re6 Rf8 27.Nxg7 Kxg7 28.Qg4+ Kf7 29.Rf6+  1-0

[Event "CSR-ch int"]
[Site "Prague"]
[Date "1989.??.??"]
[Round "10"]
[White "Mokry, Karel"]
[Black "Smejkal, Jan"]
[Result "1/2-1/2"]
[WhiteElo "2500"]
[BlackElo "2515"]

1.e4 e5 2.Nf3 Nc6 3.Bb5 a6 4.Ba4 Nf6 5.O-O Be7 6.Re1 b5 7.Bb3 d6 8.c3 O-O
9.h3 Bb7 10.d4 Re8 11.Ng5 Rf8 12.Nf3 Re8 13.Nbd2 Bf8 14.Bc2 Nb8 15.b3 Nbd7
16.d5 c6 17.c4 Qc7 18.Nf1 Rec8 19.Ne3  1/2-1/2

[Event "Salamanca"]
[Site "Salamanca"]
[Date "1989.??.??"]
[Round "?"]
[White "Garcia, Gildardo"]
[Black "Sanz Alonso, Francisco Javier"]
[Result "0-1"]
[WhiteElo "2430"]
[BlackElo "2420"]

1.e4 e5 2.Nf3 Nc6 3.Bb5 a6 4.Ba4 Nf6 5.O-O Be7 6.Re1 b5 7.Bb3 d6 8.c3 O-O
9.h3 Bb7 10.d4 Re8 11.Ng5 Rf8 12.Nf3 Re8 13.Nbd2 Bf8 14.a3 h6 15.Bc2 Nb8
16.a4 Nbd7 17.Bd3 c6 18.b4 Nb6 19.Bc2 Nxa4 20.Bxa4 bxa4 21.Qxa4 exd4 22.cxd4 Rb8
23.Ba3 Nh5 24.Qc2 Nf4 25.Kh2 Qd7 26.Rac1 Re6 27.Re3 Rbe8 28.Ng1 f5 29.Rf3 g5
30.exf5 R6e7 31.f6 Rf7 32.g3 Nd5 33.Qg6+ Kh8 34.Rf5 Re6 35.Ndf3 Rexf6 36.Rxf6 Rxf6
37.Qh5 Qf7 38.Qxf7 Rxf7 39.Re1 Re7 40.Rxe7 Bxe7 41.Ne2 Kg8 42.Nd2 Kf7 43.Nc4 Bc8
44.Na5 Bd7 45.Kg2 Bf6 46.Kf3 Ne7 47.g4 Be6 48.Ke3 Ke8 49.f3 Kd7 50.Kd3 Bd5
51.Ke3 Bf7 52.Kd3 Bd5 53.Ke3 Kc7 54.Bc1 Ng6 55.Bd2 Nh4 56.Ng1 Kb6 57.Bc3 Kb5
58.Nb7 Be7 59.Na5 c5 60.bxc5 dxc5 61.Ne2 Nxf3 62.Nb3 Bxb3 63.Kxf3 Bd5+ 64.Ke3 Bg2
65.dxc5 Bxc5+ 66.Kd3 Bxh3 67.Bg7 Bxg4 68.Nd4+ Bxd4 69.Kxd4 h5 70.Bf6 h4 71.Bxg5 h3
72.Bf4 Kb4  0-1

[Event "San Mateo rapid"]
[Site "San Mateo"]
[Date "1989.??.??"]
[Round "?"]
[White "Anderson, Renard"]
[Black "Kotliar, Mark"]
[Result "1-0"]
[WhiteElo "2250"]
[BlackElo "2270"]

1.e4 e5 2.Nf3 Nc6 3.Bb5 a6 4.Ba4 Nf6 5.O-O Be7 6.Re1 b5 7.Bb3 O-O 8.c3 d6
9.h3 Bb7 10.d4 Re8 11.Nbd2 Bf8 12.a3 Nb8 13.Bc2 Nbd7 14.b3 g6 15.Bb2 Bh6
16.Bd3 d5 17.exd5 exd4 18.Rxe8+ Qxe8 19.c4 bxc4 20.bxc4 c5 21.dxc6 Bxc6 22.Bxd4 Nf8
23.Bxf6 Qe6 24.Bc3 Rd8 25.Qe2 Qd6 26.Ne4 Qxd3 27.Nf6+ Kh8 28.Nd5+  1-0

[Event "San Mateo rapid"]
[Site "San Mateo"]
[Date "1989.??.??"]
[Round "?"]
[White "De Firmian, Nick E"]
[Black "Ivanov, Alexander"]
[Result "1/2-1/2"]
[WhiteElo "2570"]
[BlackElo "2470"]

1.e4 e5 2.Nf3 Nc6 3.Bb5 a6 4.Ba4 Nf6 5.O-O Be7 6.Re1 b5 7.Bb3 d6 8.c3 O-O
9.h3 Bb7 10.d4 Re8 11.a4 h6 12.Nbd2 Bf8 13.Bc2 exd4 14.cxd4 Nb4 15.Bb1 c5
16.d5 Nd7 17.Ra3 f5 18.exf5 Nf6 19.Ne4 Nbxd5 20.Nh4 Nc7 21.Nxf6+ Qxf6 22.Ng6 Rxe1+
23.Qxe1 Re8 24.Re3 Rxe3 25.Qxe3 bxa4 26.Ba2+ Bd5 27.Bxd5+ Nxd5 28.Qe4 Ne7
29.Nxf8 Kxf8 30.g4 Qe5 31.Qxe5 dxe5 32.Kg2 e4 33.f3 exf3+ 34.Kxf3 Kf7 35.Ke4 Nc6
36.Be3 c4 37.Bd2 Na7 38.Kd5 Nb5 39.Kxc4 a3 40.bxa3 Nxa3+ 41.Kd5 Nb5 42.h4 Nc7+
43.Ke5 Ne8 44.Ba5 Nf6 45.g5 hxg5 46.hxg5  1/2-1/2

[Event "POL-ch"]
[Site "Slupsk"]
[Date "1989.??.??"]
[Round "9"]
[White "Sznapik, Aleksander"]
[Black "Szymczak, Zbigniew"]
[Result "1-0"]
[WhiteElo "2455"]
[BlackElo "2400"]

1.e4 e5 2.Nf3 Nc6 3.Bb5 a6 4.Ba4 Nf6 5.O-O Be7 6.Re1 b5 7.Bb3 d6 8.c3 O-O
9.h3 Bb7 10.d4 Re8 11.Nbd2 Bf8 12.a4 h6 13.Bc2 exd4 14.cxd4 Nb4 15.Bb1 bxa4
16.Rxa4 a5 17.Ra3 Ra6 18.Rc3 g6 19.b3 Bg7 20.Bb2 c5 21.d5 Nd7 22.Qc1 a4 23.bxa4 Nb6
24.Rce3 Bxb2 25.Qxb2 Nxa4 26.Qc1 Nb6 27.h4 h5 28.Ng5 Bc8 29.Nc4 Nxc4 30.Qxc4 Ra7
31.e5 Ba6 32.Qb3 dxe5 33.Rxe5 Rxe5 34.Rxe5 Bb5 35.Bxg6 fxg6 36.d6+ Kh8 37.Qc3 Kg8
38.Rxc5 Bc6 39.Qc4+ Kh8 40.Qd4+ Kg8 41.Qxb4 Ra1+ 42.Kh2 Qxd6+ 43.f4 Rd1 44.Qc4+ Bd5
45.Rc8+ Kg7 46.Qc3+  1-0

[Event "POL-ch"]
[Site "Slupsk"]
[Date "1989.??.??"]
[Round "15"]
[White "Woda, Jacek"]
[Black "Szymczak, Zbigniew"]
[Result "1-0"]
[WhiteElo "2335"]
[BlackElo "2400"]

1.e4 e5 2.Nf3 Nc6 3.Bb5 a6 4.Ba4 Nf6 5.O-O Be7 6.Re1 b5 7.Bb3 d6 8.c3 O-O
9.h3 Bb7 10.d4 Re8 11.Nbd2 Bf8 12.a3 h6 13.Bc2 g6 14.b4 Bg7 15.Nb3 Rc8 16.Bb2 exd4
17.cxd4 Nb8 18.Qb1 Nbd7 19.Na5 Ba8 20.e5 Nh5 21.Be4 d5 22.Bc2 Nf4 23.Nb3 Ne6
24.Nc5 Ndxc5 25.bxc5 Bc6 26.Bb3 Rb8 27.Qc2 Qd7 28.Bc3 Ra8 29.Qd2 Kh7 30.Bc2 Qe7
31.h4 h5 32.Ng5+ Nxg5 33.hxg5 Bd7 34.f3 Rh8 35.Kf2 Kg8 36.Rh1 Be6 37.Rh4 Qd7
38.Rah1 Bf5 39.Bd1 c6 40.Ba5 Qe7 41.Qf4 Bd3 42.Ke3 Bf5 43.Kd2 Re8 44.Kc3 Qb7
45.Kb4 Bd3 46.Qd2 Bf5 47.g3 Qe7 48.Kb3 Rb8 49.Ka2 Re8 50.Qf2 Qxg5 51.Bd2 Qe7
52.g4 hxg4 53.Rxh8+ Bxh8 54.Qh2 Bg7 55.Qh7+ Kf8 56.Bh6  1-0

[Event "Szekszard op"]
[Site "Szekszard"]
[Date "1989.??.??"]
[Round "6"]
[White "Luther, Thomas"]
[Black "Butnorius, Algimantas"]
[Result "1/2-1/2"]
[WhiteElo "2410"]
[BlackElo "2410"]

1.e4 e5 2.Nf3 Nc6 3.Bb5 a6 4.Ba4 Nf6 5.O-O Be7 6.Re1 b5 7.Bb3 d6 8.c3 O-O
9.h3 Bb7 10.d4 Re8 11.Nbd2 Bf8 12.a3 h6 13.Bc2 Nb8 14.b3 c6 15.Nf1 Nbd7 16.Ng3 g6
17.a4 Qc7 18.Bb2 Bg7 19.Qc1 Nh7 20.Nh2 h5 21.Nf3 Nhf8 22.c4 bxc4 23.bxc4 exd4  1/2-1/2

[Event "Tirnavia-C"]
[Site "Trnava"]
[Date "1989.??.??"]
[Round "2"]
[White "Kaposztas, Miklos"]
[Black "Szymczak, Zbigniew"]
[Result "1/2-1/2"]
[WhiteElo "2265"]
[BlackElo "2400"]

1.e4 e5 2.Nf3 Nc6 3.Bb5 a6 4.Ba4 Nf6 5.O-O Be7 6.Re1 b5 7.Bb3 O-O 8.h3 Bb7
9.c3 d6 10.d4 Re8 11.Ng5 Rf8 12.Nf3 Re8 13.Ng5 Rf8  1/2-1/2

[Event "Tirnavia-C"]
[Site "Trnava"]
[Date "1989.??.??"]
[Round "5"]
[White "Bjerring, Kai"]
[Black "Franzen, Josef"]
[Result "0-1"]
[WhiteElo "2355"]
[BlackElo "2345"]

1.e4 e5 2.Nf3 Nc6 3.Bb5 a6 4.Ba4 Nf6 5.O-O Be7 6.Re1 b5 7.Bb3 O-O 8.c3 d6
9.h3 Bb7 10.d3 Nb8 11.Nbd2 Nbd7 12.Nf1 Nc5 13.Bc2 Re8 14.Ng3 g6 15.b4 Ncd7
16.a4 Bf8 17.d4 Bg7 18.Bb2 d5 19.axb5 axb5 20.Rxa8 Bxa8 21.dxe5 Nxe4 22.Nxe4 dxe4
23.Nd4 Rxe5 24.c4 bxc4 25.Qa1 Re8 26.Ba4 Be5 27.Rd1 e3 28.f4 Qh4 29.Rf1 Qg3
30.Nf3 Bxb2 31.Qxb2 e2 32.Bxd7 Bxf3  0-1

[Event "Tirnavia-C"]
[Site "Trnava"]
[Date "1989.??.??"]
[Round "9"]
[White "Frolov, Artur"]
[Black "Szymczak, Zbigniew"]
[Result "1/2-1/2"]
[WhiteElo "2435"]
[BlackElo "2400"]

1.e4 e5 2.Nf3 Nc6 3.Bb5 a6 4.Ba4 Nf6 5.O-O Be7 6.Re1 b5 7.Bb3 d6 8.c3 O-O
9.h3 Bb7 10.d4 Re8 11.Nbd2 Bf8 12.Bc2 Nb8 13.b4 Nbd7 14.a4  1/2-1/2

[Event "Wch U20"]
[Site "Tunja"]
[Date "1989.??.??"]
[Round "9"]
[White "Koch, Jean Rene"]
[Black "Moutousis, Konstantinos"]
[Result "1-0"]
[WhiteElo "2420"]
[BlackElo "2330"]

1.e4 e5 2.Nf3 Nc6 3.Bb5 a6 4.Ba4 Nf6 5.O-O Be7 6.Re1 b5 7.Bb3 d6 8.c3 O-O
9.h3 Bb7 10.d4 Re8 11.Ng5 Rf8 12.Nf3 h6 13.Nbd2 Re8 14.Nf1 Bf8 15.Ng3 g6
16.Nh4 d5 17.exd5 Nxd5 18.Nf3 Bg7 19.dxe5 Nxe5 20.Nxe5 Rxe5 21.Rxe5 Bxe5
22.Bxh6 Kh7 23.Qd2 c5 24.Be3 c4 25.Bc2 Nxe3 26.Qxe3 Bg7 27.Rd1 Qc7 28.h4 Rd8
29.Rxd8 Qxd8 30.h5 Bh6 31.hxg6+ fxg6 32.Qe6 Qg5 33.Qf7+ Bg7 34.Bxg6+ Qxg6
35.Qxb7 Qb1+ 36.Kh2 Qxb2 37.Qe4+ Kh8 38.Qe8+ Kh7 39.Qh5+ Kg8 40.Qe8+ Kh7
41.Ne4 Qc1 42.Kg3 b4 43.Qh5+ Kg8 44.Qd5+ Kh8 45.Qd8+ Kh7 46.Kg4 Bh6 47.Qe7+ Kh8
48.Kf5 Bg7 49.Qe8+ Kh7 50.Ng5+  1-0

[Event "Vrnjacka Banja"]
[Site "Vrnjacka Banja"]
[Date "1989.??.??"]
[Round "?"]
[White "Abramovic, Bosko"]
[Black "Ilincic, Zlatko"]
[Result "0-1"]
[WhiteElo "2485"]
[BlackElo "2430"]

1.e4 e5 2.Nf3 Nc6 3.Bb5 a6 4.Ba4 Nf6 5.O-O Be7 6.Re1 b5 7.Bb3 d6 8.c3 O-O
9.h3 Bb7 10.d4 Re8 11.Nbd2 Bf8 12.Bc2 h6 13.d5 Nb8 14.b3 c6 15.c4 Nbd7 16.Nf1 bxc4
17.bxc4 cxd5 18.cxd5 Nc5 19.Ng3 g6 20.Be3 Qc7 21.Qd2 Kh7 22.Rec1 Rec8 23.Rab1 Rab8
24.Ba4 Ba8 25.Rxb8 Qxb8 26.Bxc5 Rxc5 27.Rxc5 dxc5 28.Qd3 Bb7 29.Nf1 Bc8 30.Qc2 Nh5
31.N1d2 f5 32.Nc4 fxe4 33.Nfxe5 Nf6 34.Bc6 h5 35.Qb3 Bd6 36.Nxd6 Qxd6 37.Nc4 Qf4
38.Qc3 Bd7 39.g3 Qf3 40.Qxf3 exf3 41.Nb6 Bxh3 42.d6 c4 43.d7 Nxd7 44.Nxd7 c3
45.Nc5 Be6 46.a3 c2 47.Nd3 Bc4 48.Nc1 Be2 49.Be4 Bd1 50.g4 Kh6 51.gxh5 gxh5
52.Kh2 Kg5 53.Kg3 h4+ 54.Kh3 a5 55.Bd3 Kh5 56.Bb5 Kg5 57.Bd7 Be2 58.Be8 Bd1
59.Ba4 Kh5 60.Bc6 Kg5 61.Kh2 Kf5 62.Ba4 Ke4 63.Bb3 Kd4 64.Na2 Kd3 65.Kh3 Ke2
66.Kxh4 Kxf2 67.Nc1 Ke3 68.Kg3 Be2  0-1

[Event "Yerevan"]
[Site "Yerevan"]
[Date "1989.??.??"]
[Round "?"]
[White "Marjanovic, Slavoljub"]
[Black "Gligoric, Svetozar"]
[Result "1/2-1/2"]
[WhiteElo "2490"]
[BlackElo "2505"]

1.e4 e5 2.Nf3 Nc6 3.Bb5 a6 4.Ba4 Nf6 5.O-O Be7 6.Re1 b5 7.Bb3 d6 8.c3 O-O
9.h3 Bb7 10.d4 Re8 11.Ng5 Rf8 12.Nf3 Re8 13.Nbd2 Bf8 14.a3 h6 15.Bc2 Nb8
16.b4 Nbd7 17.Bb2 g6 18.Qb1 Rb8 19.Nb3 Ba8 20.Na5 c5 21.d5 c4 22.a4  1/2-1/2

[Event "JUG-chT"]
[Site "Zlatibor"]
[Date "1989.??.??"]
[Round "?"]
[White "Popovic, Petar"]
[Black "Gligoric, Svetozar"]
[Result "0-1"]
[WhiteElo "2550"]
[BlackElo "2485"]

1.e4 e5 2.Nf3 Nc6 3.Bb5 a6 4.Ba4 Nf6 5.O-O Be7 6.Re1 b5 7.Bb3 d6 8.c3 O-O
9.h3 Bb7 10.d4 Re8 11.Nbd2 Bf8 12.Bc2 g6 13.d5 Nb8 14.b3 c6 15.c4 Bh6 16.a3 Nbd7
17.b4 Qc7 18.dxc6 Bxc6 19.Bd3 Bg7 20.Bb2 Nb6 21.Rc1 Qd7 22.cxb5 Bxb5 23.Nc4 Nxc4
24.Bxc4 Bxc4 25.Rxc4 Rac8 26.Qe2 Rxc4 27.Qxc4 Qb7 28.Qd3 d5 29.exd5 Rd8 30.Bxe5 Rxd5
31.Qc3 Qb6 32.Bd4 Qd8 33.Qc4 Rd6 34.Bc5 Rc6 35.Nd4 Rc8 36.Nb3 Qd5 37.Na5 Qxc4
38.Nxc4 Nd5 39.Rd1 Nc3 40.Rd6 Bf8 41.Rxa6 Bxc5 42.bxc5 Rxc5 43.Nd6 Rd5 44.Rc6 Ne2+
45.Kh2 h5 46.h4 Kg7 47.g3 Rd3 48.Nc4 Nd4 49.Rc7 Rc3 50.Nd6 Rxa3 51.Rxf7+ Kg8
52.Rf6 Kg7 53.Ne8+ Kh7 54.Rf7+ Kg8 55.Rd7 Nf5 56.Nf6+ Kf8 57.Nh7+ Kg8 58.Nf6+ Kf8
59.Rb7 Ra6 60.Nd7+ Kg8 61.Nc5 Ra2 62.Kg2 Ne3+ 63.Kf3 Ng4 64.Ne4 Ra4 65.Rb2 Ne5+
66.Kg2 Rxe4 67.Ra2 Rd4 68.Ra5 Ng4 69.Ra8+ Kf7 70.Ra7+ Ke6 71.Ra6+ Rd6 72.Ra2 Ne5
73.Re2 Kd5 74.Rd2+ Kc5 75.Ra2 Kd4 76.Rd2+ Nd3 77.Ra2 Rb6 78.Ra8 Rf6 79.Ra4+ Kc3
80.Ra2 Nc5 81.Ra3+ Kd4 82.Ra2 Rb6 83.Ra8 Ne4 84.Ra4+ Kd3 85.Ra3+ Nc3 86.Ra8 Re6
87.Kf1 Nb1 88.Rd8+ Kc2 89.Kg2 Nd2 90.Ra8 Kd1 91.Ra1+ Ke2 92.Ra8 Nc4 93.Ra2+ Kd3
94.Ra8 Rf6 95.Rd8+ Nd6 96.Ra8 Ne4 97.Ra2 Rc6 98.Ra3+ Kd2 99.Kf3 Nc3 100.Kg2 Ke1
101.f3 Nd5 102.g4 Ke2 103.Kg3 hxg4 104.fxg4 Rc1 105.Ra5 Rc3+ 106.Kh2 Nf4
107.h5 g5  0-1

[Event "AUT-chT"]
[Site "Austria"]
[Date "1990.??.??"]
[Round "?"]
[White "Sinowjew, Juri"]
[Black "Zoebisch, Herbert"]
[Result "1/2-1/2"]
[WhiteElo "2260"]
[BlackElo "2215"]

1.e4 e5 2.Nf3 Nc6 3.Bb5 a6 4.Ba4 Nf6 5.O-O Be7 6.Re1 b5 7.Bb3 d6 8.c3 O-O
9.h3 Bb7 10.d4 Re8 11.Ng5 Rf8 12.Nf3 Re8 13.Nbd2 Bf8 14.Bc2 Nb8 15.b3 Nbd7
16.d5 c6 17.c4 Qc7 18.Nf1 Rec8 19.Re2 bxc4 20.bxc4 Nc5 21.Bg5 Be7 22.Ng3 g6
23.Qd2 Ne8 24.Nh2 Bxg5 25.Qxg5 f6 26.Qh4 a5 27.f4 exf4 28.Qxf4 Ba6 29.Rf2 Qg7
30.Ng4 Nd7 31.dxc6 Nc5 32.Qd2 Bxc4 33.Qd4 Bf7 34.Rc1 Rxc6 35.Qd2 Rac8 36.Rff1 Bc4  1/2-1/2

[Event "Bayamo"]
[Site "Bayamo"]
[Date "1990.??.??"]
[Round "6"]
[White "Herrera, Irisberto"]
[Black "Henao, Raul Fernando"]
[Result "0-1"]
[WhiteElo "2410"]
[BlackElo "2400"]

1.e4 e5 2.Nf3 Nc6 3.Bb5 a6 4.Ba4 Nf6 5.O-O Be7 6.Re1 b5 7.Bb3 d6 8.c3 O-O
9.h3 Bb7 10.d4 Re8 11.Ng5 Rf8 12.Nf3 Re8 13.Nbd2 Bf8 14.Bc2 h6 15.a3 Nb8
16.b4 Nbd7 17.a4 bxa4 18.d5 c6 19.c4 cxd5 20.cxd5 Nb6 21.Bxa4 Nxa4 22.Qxa4 Bc8
23.Nb1 Qc7 24.Bd2 Bd7 25.Qb3 Rec8 26.Na3 Be7 27.Nh2 Qd8 28.Nf1 Ne8 29.Be3 Rab8
30.Nd2 Rb7 31.Ndc4 Bg5 32.Bxg5 Qxg5 33.Nc2 Rbc7 34.N2e3 Bxh3 35.Rec1 h5 36.Kf1 Bd7
37.Rxa6 Qh4 38.Ke2 Qxe4 39.b5 Rxc4 40.Rxc4 Rxc4  0-1

[Event "Neukoelln"]
[Site "Berlin"]
[Date "1990.??.??"]
[Round "8"]
[White "Pedzich, Dominik"]
[Black "Stern, Rene"]
[Result "1/2-1/2"]
[WhiteElo "2405"]
[BlackElo "2320"]

1.e4 e5 2.Nf3 Nc6 3.Bb5 a6 4.Ba4 Nf6 5.O-O Be7 6.Re1 b5 7.Bb3 d6 8.c3 O-O
9.h3 Bb7 10.d4 Re8 11.Nbd2 Bf8 12.a3 h6 13.Bc2 Nb8 14.b4 Nbd7 15.Bb2 g6 16.Qb1 Rb8
17.Qa2 Bg7 18.Rad1 Qe7 19.d5 c6 20.c4 c5 21.Bd3 Ba8 22.Bc3 Rec8 23.Rc1 h5
24.Nb3 Bh6 25.Bd2 Bxd2 26.Qxd2 Qd8 27.Na5 Rb6 28.Ng5 Kg7 29.Bf1 Rc7 30.Rc3 Rc8
31.Rec1 Rcb8 32.g3 Qe7 33.Bg2 h4 34.Rf1 Rf8 35.Re1 Nh7  1/2-1/2

[Event "Biel op"]
[Site "Biel"]
[Date "1990.??.??"]
[Round "2"]
[White "Sznapik, Aleksander"]
[Black "Sofrigin, Alexej"]
[Result "1-0"]
[WhiteElo "2455"]
[BlackElo "2260"]

1.e4 e5 2.Nf3 Nc6 3.Bb5 a6 4.Ba4 Nf6 5.O-O Be7 6.Re1 b5 7.Bb3 d6 8.c3 O-O
9.h3 Bb7 10.d4 h6 11.Nbd2 Re8 12.Nf1 Bf8 13.Ng3 g6 14.Bd2 Na5 15.Bc2 Nc4
16.Bc1 Bg7 17.b3 Nb6 18.a4 c6 19.Be3 exd4 20.cxd4 bxa4 21.bxa4 Nc4 22.Bf4 d5
23.e5 Nd7 24.Qc1 Kh7 25.Nh5 Bf8 26.e6 Nf6 27.Bg5 Bg7 28.Nxg7 Kxg7 29.Bxh6+ Kg8
30.Ng5 fxe6 31.Bxg6 Re7 32.Qf4 Nd7 33.Bf7+ Kh8 34.Qh4  1-0

[Event "Bielsko Biala op"]
[Site "Bielsko Biala"]
[Date "1990.??.??"]
[Round "9"]
[White "Kislov, Mikhail"]
[Black "Sarwinski, Miroslaw"]
[Result "0-1"]
[WhiteElo "2425"]
[BlackElo "2375"]

1.e4 e5 2.Nf3 Nc6 3.Bb5 a6 4.Ba4 Nf6 5.O-O Be7 6.Re1 b5 7.Bb3 d6 8.c3 O-O
9.h3 Bb7 10.d4 Re8 11.Nbd2 Bf8 12.a3 g6 13.d5 Nb8 14.c4 Nbd7 15.Bc2 bxc4
16.Nxc4 a5 17.Ba4 Re7 18.Bg5 Bg7 19.b4 axb4 20.axb4 Nb6 21.Na5 Nxa4 22.Rxa4 Qd7
23.Qc2 Ree8 24.Bxf6 Bxf6 25.b5 Bc8 26.Nc6 Rxa4 27.Qxa4 Bg7 28.Qa5 Bh6 29.Nd2 f5
30.f3 Qf7 31.Na7 Bd7 32.Nc6 Rf8 33.Qa2 Qf6 34.Nf1 fxe4 35.Rxe4 Bf5 36.Re1 Bd3
37.Ng3 Bxb5 38.Ne4 Qf7 39.Qc2 Ba6 40.Qf2 Bc4 41.Rd1 Kg7 42.Nc3 Qf4 43.Qc2 Ba6
44.Ne4 Qe3+ 45.Nf2 Qe2 46.Qxe2 Bxe2 47.Ra1 Bc4 48.Ra7 Bxd5 49.Rxc7+ Rf7 50.Rxf7+ Kxf7
51.Nb4 Bc4 52.g3 Bd2 53.Nbd3 Ke6 54.Kg2 Be3 55.Nb2 Bb5 56.Nbd1 Bd4 57.Ne4 h6
58.h4 d5 59.Nd2 Kd6 60.Nb3 Bb6 61.Nf2 Be2 62.Nc1 Bc4 63.Ncd3 Ke6 64.g4 Bb5
65.Kg3 Be3 66.Nb4 Bc5 67.Nbd3 Bd6 68.Kg2 e4 69.fxe4 dxe4 70.Ne1 Bc6 71.Kh3 Ke5
72.Ng2 Bd7 73.Nd1 h5 74.Nge3 Kf4 75.Kg2 Bxg4 76.Nxg4 Kxg4 77.Nf2+ Kf5 78.Nh3 Bf4
79.Nf2 Bd2 80.Kf1 Ba5 81.Nd1 Kf4  0-1

[Event "Spring op"]
[Site "Budapest"]
[Date "1990.??.??"]
[Round "3"]
[White "Izsak, Gyula"]
[Black "Pein, Malcolm"]
[Result "1-0"]
[WhiteElo "2210"]
[BlackElo "2420"]

1.e4 e5 2.Nf3 Nc6 3.Bb5 a6 4.Ba4 Nf6 5.O-O Be7 6.Re1 b5 7.Bb3 O-O 8.c3 d6
9.h3 Bb7 10.d4 Re8 11.Nbd2 Bf8 12.Bc2 Nb8 13.d5 Nbd7 14.Nf1 c6 15.dxc6 Bxc6
16.Bg5 h6 17.Bxf6 Nxf6 18.Ng3 Qc7 19.Qd3 g6 20.Bb3 Qb7 21.Rad1 Rad8 22.Qb1 Bg7
23.Rd2 Rd7 24.Rde2 a5 25.Bc2 Rde7 26.Nd2 Nd7 27.Ngf1 Nf8 28.Ne3 Ne6 29.Ndf1 Nf4
30.Rd2 d5 31.exd5 Nxd5 32.Nxd5 Bxd5 33.Be4 Bxe4 34.Qxe4 Qxe4 35.Rxe4 Rc7
36.Rd5 Rb8 37.Re2 b4 38.Rxa5 bxc3 39.bxc3 Rb1 40.g3 Rxc3 41.Kg2 Rcc1 42.Ra8+ Kh7
43.Nd2 Rb2 44.Nb3 Rxe2 45.Nxc1 Rc2 46.Nb3 e4 47.Kf1 Rb2  1-0

[Event "Spring op"]
[Site "Budapest"]
[Date "1990.??.??"]
[Round "3"]
[White "Kruppa, Yuri"]
[Black "Kachiani Gersinska, Ketino"]
[Result "1-0"]
[WhiteElo "2460"]
[BlackElo "2365"]

1.e4 e5 2.Nf3 Nc6 3.Bb5 a6 4.Ba4 Nf6 5.O-O Be7 6.Re1 b5 7.Bb3 d6 8.c3 O-O
9.h3 Bb7 10.d4 Re8 11.Nbd2 Bf8 12.a3 h6 13.Bc2 Nb8 14.b3 Nbd7 15.Bb2 g6 16.Rc1 Bg7
17.d5 c6 18.c4 Nc5 19.b4 Ncd7 20.dxc6 Bxc6 21.Nb3 Nb6 22.cxb5 Bxb5 23.Na5 Qd7
24.Qd2 Nh5 25.Rcd1 Rad8 26.Qe3 Nc4 27.Nxc4 Bxc4 28.Nd2 Be6 29.Nb3 Bc4 30.Na5 Be6
31.Bd3 Ra8 32.Nc4 Qc7 33.Bf1 Red8 34.Nb6 Rab8 35.Nd5 Qb7 36.Rd2 f5 37.Bc4 Bf7
38.exf5 gxf5 39.Qd3 e4 40.Qb3 Be5 41.Red1 Rdc8 42.Be2 Nf4 43.Qg3+ Ng6 44.Bxe5 dxe5
45.Bh5 f4 46.Qg4 Rc6 47.Qf5 e3 48.fxe3 fxe3 49.Nxe3 Qb6 50.Rf2 Rf8 51.Bxg6 Rxg6
52.Nc4 Qxf2+ 53.Qxf2 Bxc4 54.Qc5  1-0

[Event "Buenos Aires op"]
[Site "Buenos Aires"]
[Date "1990.??.??"]
[Round "7"]
[White "Servat, Roberto"]
[Black "Paglilla, Carlos"]
[Result "1-0"]
[WhiteElo "2455"]
[BlackElo "2405"]

1.e4 e5 2.Nf3 Nc6 3.Bb5 a6 4.Ba4 Nf6 5.O-O Be7 6.Re1 b5 7.Bb3 d6 8.c3 O-O
9.h3 Bb7 10.d4 Na5 11.Bc2 Nc4 12.b3 Nb6 13.Nbd2 Re8 14.a4 Bf8 15.Bd3 d5 16.axb5 exd4
17.e5 dxc3 18.exf6 cxd2 19.Bxd2 Rxe1+ 20.Qxe1 axb5 21.Rxa8 Bxa8 22.fxg7 Bxg7
23.Ng5 Bf6 24.Nxh7 Be7 25.Qe2 Qd7 26.Bb4 Bd8 27.Nf6+ Bxf6 28.Qh5  1-0

[Event "Cannes op"]
[Site "Cannes"]
[Date "1990.??.??"]
[Round "2"]
[White "Bourguet, G."]
[Black "Kaabi, Mejdi"]
[Result "0-1"]
[WhiteElo "2030"]
[BlackElo "2330"]

1.e4 e5 2.Nf3 Nc6 3.Bb5 a6 4.Ba4 Nf6 5.O-O Be7 6.Re1 b5 7.Bb3 d6 8.h3 O-O
9.c3 Bb7 10.d4 Re8 11.Nbd2 Bf8 12.d5 Nb8 13.Bc2 Nbd7 14.Nf1 g6 15.Ne3 c6
16.dxc6 Bxc6 17.Ng4 Nxg4 18.hxg4 Nb6 19.Bb3 Bg7 20.Be3 Nc4 21.Bxc4 bxc4 22.Qc2 Qd7
23.Nd2 Qxg4 24.f3 Qe6 25.b3 d5 26.exd5 Bxd5 27.b4 f5 28.a3 Rab8 29.Rab1 Qc6
30.Red1 Red8 31.Nf1 f4 32.Bc5 e4  0-1

[Event "JUG-chT Cetinje"]
[Site "Cetinje"]
[Date "1990.??.??"]
[Round "4"]
[White "Cabrilo, Goran"]
[Black "Lalic, Bogdan"]
[Result "1/2-1/2"]
[WhiteElo "2480"]
[BlackElo "2475"]

1.e4 e5 2.Nf3 Nc6 3.Bb5 a6 4.Ba4 Nf6 5.O-O Be7 6.Re1 b5 7.Bb3 d6 8.c3 O-O
9.h3 Bb7 10.d3 Nb8 11.Nbd2 Nbd7 12.Nf1 Nc5 13.Bc2 Re8 14.Ng3 Bf8 15.b4 Ne6
16.d4 a5 17.bxa5 Rxa5 18.Bb3 exd4  1/2-1/2

[Event "JUG-chT Cetinje"]
[Site "Cetinje"]
[Date "1990.??.??"]
[Round "4"]
[White "Ivanovic, Bozidar"]
[Black "Gligoric, Svetozar"]
[Result "1/2-1/2"]
[WhiteElo "2520"]
[BlackElo "2485"]

1.e4 e5 2.Nf3 Nc6 3.Bb5 a6 4.Ba4 Nf6 5.O-O Be7 6.Re1 b5 7.Bb3 d6 8.c3 O-O
9.h3 Bb7 10.d4 Re8 11.Nbd2 Bf8 12.a3 h6 13.Ba2 Nb8 14.dxe5 dxe5 15.Qb3 Qd7
16.Qc2  1/2-1/2

[Event "Cheliabinsk-A"]
[Site "Cheliabinsk"]
[Date "1990.??.??"]
[Round "?"]
[White "Lhagvasuren, Cedendemberel"]
[Black "Ganbaatar, Ishdagva"]
[Result "1-0"]
[WhiteElo "2385"]
[BlackElo "2255"]

1.e4 e5 2.Nf3 Nc6 3.Bb5 a6 4.Ba4 Nf6 5.O-O Be7 6.Re1 b5 7.Bb3 d6 8.c3 O-O
9.h3 Bb7 10.d4 Nd7 11.Be3 Bf6 12.a4 Na5 13.Bc2 Nc4 14.Bc1 c5 15.d5 bxa4 16.Rxa4 Ncb6
17.Ra1 a5 18.Nbd2 c4 19.Nf1 Nc5 20.Be3 Qc7 21.N1d2 Be7 22.Qe2 Ncd7 23.Ra3 f5
24.exf5 Bxd5 25.Rea1 a4 26.Ng5 Bxg5 27.Bxg5 Nc5 28.Qg4 Kh8 29.Rd1 Rae8 30.Be3 Ra8
31.Bxc5 Qxc5 32.Ne4 Bxe4 33.Qxe4 Rae8 34.Bxa4 d5 35.Qe3 Nxa4 36.Rxa4 d4 37.cxd4 exd4
38.Qxd4 Re1+ 39.Kh2 Qe7 40.Qd6 Qxd6+ 41.Rxd6 Re2 42.Kg3 Rxb2 43.Rxc4 Rb5
44.Rf4 h5 45.Rg6 Rbxf5 46.Rxf5 Rxf5 47.h4 Kg8 48.Rg5 Rxg5+ 49.hxg5 Kf7 50.Kh4 g6
51.g4 hxg4 52.Kxg4 Ke6 53.Kf4 Kd5 54.Ke3 Ke5 55.f4+ Kd5 56.Kd3 Kd6 57.Kd4 Kd7  1-0